书目信息 |
| 题名: |
泰勒展开
|
|
| 作者: | 渡部隆一 著 ;胡复 译 | |
| 分册: | ||
| 出版信息: | 北京 科学普及出版社 1980 |
|
| 页数: | 132页 | |
| 开本: | 19cm | |
| 丛书名: | ||
| 单 册: | ||
| 中图分类: | O173.1 | |
| 科图分类: | ||
| 主题词: | 泰勒级数 | |
| 电子资源: | ||
| ISBN: | ||
| 000 | 00682nam0 2200241 45 | |
| 001 | 0180005138 | |
| 005 | 20060308165449.76 | |
| 010 | @dCNY0.39 | |
| 091 | @a13051.1090 | |
| 100 | @a19950620d1980 em y0chiy0121 ea | |
| 101 | 1 | @achi@cjpn |
| 102 | @aCN@b110000 | |
| 105 | @ay z 000yy | |
| 200 | 10 | @a泰勒展开@Atai le zhan kai@f(日)渡部隆一著@F(ri)du bu long yi zhu@g胡复译 |
| 210 | @a北京@c科学普及出版社@d1980 | |
| 215 | @a132页@d19cm | |
| 606 | @a泰勒级数 | |
| 690 | @aO173.1@v3 | |
| 701 | 0 | @a渡部隆一@Adu bu long yi@4著 |
| 702 | 0 | @a胡复@Ahu fu@4译 |
| 801 | 2 | @aCN@bNLC@c20060308 |
| 801 | 0 | @aCN@b上海图书馆@c20040520 |
| 905 | @f2@b36450-451@f2@b36453-454@dO173.1@e41 | |
| 泰勒展开/(日)渡部隆一著/胡复译.-北京:科学普及出版社,1980 |
| 132页;19cm |
| ISBN :CNY0.39 |
| ● |
| 相关链接 |
|
|
|
|
正题名:泰勒展开
索取号:O173.1/41
 
预约/预借
| 序号 | 登录号 | 条形码 | 馆藏地/架位号 | 状态 | 备注 |
| 1 | 0036447 | 202189942 | 密集书库/ [索取号:O173.1/41] | 在馆 | |
| 2 | 0036448 | 202189988 | 密集书库/ [索取号:O173.1/41] | 在馆 | |
| 3 | 0036449 | 202456751 | 密集书库/ [索取号:O173.1/41] | 在馆 | |
| 4 | 0036450 | 000421047 | 第三借阅区/ [索取号:O173.1/41] | 在馆 | |
| 5 | 0036451 | 000421056 | 第三借阅区/ [索取号:O173.1/41] | 在馆 | |
| 6 | 0036452 | 001942946 | 第三借阅区/ [索取号:O173.1/41] | 在馆 | |
| 7 | 0036453 | 000421065 | 第三借阅区/ [索取号:O173.1/41] | 在馆 | |
| 8 | 0036454 | 000421038 | 第三借阅区/ [索取号:O173.1/41] | 在馆 | |
| 9 | 0036455 | 000421074 | 第二样本阅览室/ [索取号:O173.1/41] | 在馆 |